| 000 | 00648nam a2200217Ii 4500 | ||
|---|---|---|---|
| 003 | JO-AjNU | ||
| 008 | 230606s9999||||xx |||||||||||||| ||und|| | ||
| 020 | _a978-81-7446-572-6 | ||
| 040 |
_aJO-AjNU _beng _erda _cJO-AjNU |
||
| 041 | _aeng | ||
| 050 | 1 | 4 | _aHG4026 2007 |
| 100 | 3 |
_aMishra,Bishnupriya / Debasish,Sathya Swaroop, _eauthor _91368 |
|
| 245 | 0 | 0 | _aFinancial Derivatives |
| 250 | _a1 ed | ||
| 264 | 3 | 1 | _aNew Delhi: Excel Books, 2007 |
| 300 |
_a246p _bIncludes indexes(p243-246) |
||
| 336 |
_atext _btxt _2rdacontent |
||
| 337 |
_aunmediated _bn _2rdamedia |
||
| 338 |
_avolume _bnc _2rdacarrier |
||
| 650 | 4 |
_aFinancial Derivatives _91369 |
|
| 999 |
_aE722 _c722 _d722 |
||